Accounting principles: working paper (Record no. 5759)

MARC details
005 - DATE AND TIME OF LATEST TRANSACTION
control field 20250627164244.0
020 ## - INTERNATIONAL STANDARD BOOK NUMBER
International Standard Book Number 9780471643081
082 ## - DEWEY DECIMAL CLASSIFICATION NUMBER
Classification number 657.044 WEY
100 ## - MAIN ENTRY--PERSONAL NAME
Author name WEYGANDT, J.J.
245 ## - TITLE STATEMENT
Title Accounting principles: working paper
250 ## - EDITION STATEMENT
Edition statement vol I
260 ## - PUBLICATION, DISTRIBUTION, ETC.
Place of publication, distribution, etc. New York.
Name of publisher, distributor, etc. John Wiley & Sons,Ltd,
Date of publication, distribution, etc. 1999
300 ## - PHYSICAL DESCRIPTION
Extent 1033
Dimensions 27cm.
942 ## - ADDED ENTRY ELEMENTS (KOHA)
Source of classification or shelving scheme Dewey Decimal Classification
Koha item type Books
Holdings
Date last seen Total checkouts Full call number Barcode Cost, replacement price Price effective from Koha item type Lost status Source of classification or shelving scheme Damaged status Not for loan Withdrawn status Home library Current library Shelving location Date acquired Source of acquisition Cost, normal purchase price
06/27/2025   657.044 WEY DOM000465 150000.00 06/27/2025 Books   Dewey Decimal Classification       CBE Dodoma CBE Dodoma General Collection 01/07/2003 Library budget 50000.00